El Dios de Jesucristo en la sociedad actual: V congreso nacional de estudiantes del área teológica

שמור ב:
מידע ביבליוגרפי
מחבר תאגידי: Universidad Católica del Norte (Author)
פורמט: ספר
שפה:ספרדית
יצא לאור: Coquimbo Universidad Católica del Norte 2004
מהדורה:1a. ed
נושאים:
תגים: הוספת תג
אין תגיות, היה/י הראשונ/ה לתייג את הרשומה!

MARC

LEADER 00000nam a2200000 a 4500
001 UCI0422
003 CL-VaPUC
005 20220607074400.0
008 070511e20040000cl 1 spa d
082 0 4 |a 261  |b UNI  |2 21 
110 2 |a Universidad Católica del Norte  |e author  |9 620999 
245 1 3 |a El Dios de Jesucristo en la sociedad actual: V congreso nacional de estudiantes del área teológica 
250 |a 1a. ed 
260 |a Coquimbo  |b Universidad Católica del Norte  |c 2004 
300 |a 64 p 
583 |a last modification  |c 20070511 00:00:00  |k Rodrigo Vera 
650 0 0 |a Teología social  |9 326726 
650 0 7 |a INFLUENCIA CULTURAL  |2 CL-VaPUC  |9 393701 
650 0 0 |a Cambio social   |9 256857 
650 0 0 |a Teología cristiana  |9 308336 
650 0 7 |a EVANGELIZACION  |2 CL-VaPUC  |9 621000 
650 0 0 |a Educación religiosa   |9 308312 
650 0 7 |a JUV  |9 606541ENTUD  |2 CL-VaPUC 
942 |c BK 
945 |a cmena  |d 20070511 00:00:00 
546 |a En Español 
536 |a Universidad Católica del Norte 
518 |p Congreso Nacional de Estudiantes del Area Teológica, 5, Coquimbo, 30 de septiembre al 02 de octubre de 2004 
999 |c 384254  |d 384252 
952 |0 0  |1 0  |4 0  |6 261_000000000000000_UNI_2004  |7 0  |8 A  |9 506884  |a BIBTEO  |b BIBTEO  |d 2020-01-23  |i 4288831  |o 261 UNI 2004  |p 4288831  |r 2025-01-17  |w 2020-01-23  |y BK  |k ICR